[Event "40th Olympiad Women"]
[Site "Istanbul TUR"]
[Date "2012.09.01"]
[Round "5.30"]
[Board "3"]
[White "Ozturk, Hilal"]
[Black "Stojkovska, Monika"]
[Result "1/2-1/2"]
[WhiteElo "1806"]
[BlackElo "1939"]
[WhiteTeam "Turkey 2016"]
[BlackTeam "FYROM"]
[WhiteFideId "6315330"]
[BlackFideId "15002594"]
[EventDate "2012.08.28"]

1. e4 c5 2. c3 d5 3. exd5 Qxd5 4. d4 Nf6 5. Nf3 Bg4 6. Be2 e6 7. h3 Bh5 8. O-O
Nc6 9. Be3 cxd4 10. cxd4 Be7 11. Nc3 Qd6 12. Qb3 O-O 13. Rfd1 Rfd8 14. a3 Rac8
15. Rac1 Qb8 16. d5 Nxd5 17. Nxd5 exd5 18. Rxd5 Rxd5 19. Qxd5 Bg6 20. Qc4 Rd8
21. Nd4 Nxd4 22. Bxd4 Bd6 23. Bf3 Bf5 24. Qc3 Rc8 25. Qd2 Re8 26. Qa5 Bf4 27.
Bxa7 Qa8 28. Re1 Be6 29. Qb4 Bg5 30. Bc5 Rb8 31. Bd6 Rd8 32. Bxb7 Qa7 33. Bc5
Qb8 34. Bf3 Bd2 35. Qxb8 Rxb8 36. Rd1 Rxb2 37. Bb4 Bxb4 38. axb4 Kf8 39. Rd4 Ke7
40. Bc6 Kf6 41. b5 Ke5 42. Rd8 Bc4 43. g3 Ke6 44. Rb8 Kd6 45. Kg2 Rb3 46. g4 Kc5
47. Rb7 Rxb5 48. Rxb5+ Bxb5 49. Bxb5 Kxb5 50. Kf3 Kc5 51. Ke4 Kd6 52. Kf5 f6 53.
g5 fxg5 54. Kxg5 Ke6 55. h4 Kf7 56. Kf5 Ke7 57. Ke5 Kf7 58. Kf5 Ke7 59. Ke4 1/2-1/2

[Event "40th Olympiad Women"]
[Site "Istanbul TUR"]
[Date "2012.09.01"]
[Round "5.31"]
[Board "1"]
[White "Ptacnikova, Lenka"]
[Black "Zozulia, Anna"]
[Result "1/2-1/2"]
[WhiteTitle "WGM"]
[BlackTitle "IM"]
[WhiteElo "2281"]
[BlackElo "2346"]
[WhiteTeam "Iceland"]
[BlackTeam "Belgium"]
[WhiteFideId "305650"]
[BlackFideId "14102110"]
[EventDate "2012.08.28"]

1. c4 Nf6 2. g3 g6 3. Bg2 Bg7 4. Nc3 O-O 5. d3 d6 6. e4 c5 7. Nge2 Nc6 8. O-O
Rb8 9. h3 a6 10. Bg5 b5 11. Rb1 Bd7 12. b3 Re8 13. Nd5 e6 14. Ndc3 b4 15. Na4
Qc7 16. Qd2 Nd4 17. Nxd4 cxd4 18. Nb2 Qc5 19. Ra1 Bc6 20. Rfb1 a5 21. Qc1 Nd7
22. Bf4 Ra8 23. Na4 Bxa4 24. bxa4 Rab8 25. Qc2 Rec8 26. Qd1 Bf6 27. h4 Be7 28.
a3 Bd8 29. Rb3 Rb6 30. Bd2 Rcb8 31. axb4 axb4 32. a5 Ra6 33. Ra4 Bxa5 34. Qa1
Nb6 35. Ra2 Nd7 36. Ra4 Nb6 37. Ra2 Nd7 38. Ra4 Nb6 39. Ra2 1/2-1/2

[Event "40th Olympiad Women"]
[Site "Istanbul TUR"]
[Date "2012.09.01"]
[Round "5.31"]
[Board "2"]
[White "Baekelant, Eva"]
[Black "Thorsteinsdottir, Hallgerdur"]
[Result "1-0"]
[WhiteTitle "WFM"]
[WhiteElo "2128"]
[BlackElo "1957"]
[WhiteTeam "Belgium"]
[BlackTeam "Iceland"]
[WhiteFideId "210030"]
[BlackFideId "2302454"]
[EventDate "2012.08.28"]

1. d4 d5 2. c4 c6 3. e3 Nf6 4. Nf3 e6 5. Bd3 dxc4 6. Bxc4 b5 7. Bb3 Nbd7 8. O-O
Bb7 9. Qe2 a6 10. e4 c5 11. d5 c4 12. dxe6 fxe6 13. Bc2 e5 14. Ng5 Qb6 15. Be3
Bc5 16. Bxc5 Nxc5 17. Nc3 O-O 18. Nd5 Nxd5 19. exd5 h6 20. Ne4 Bxd5 21. Nxc5
Qxc5 22. Qxe5 Rae8 23. Qh5 Qc6 24. f3 Re2 25. Rac1 Qe6 26. Kh1 b4 27. Qh4 b3 28.
axb3 cxb3 29. Bd3 Rxb2 30. Qd4 Ra2 31. Rc5 Rd8 32. Be4 Bxe4 33. Qxd8+ Kh7 34.
fxe4 Qxe4 35. Qd5 Qxd5 36. Rxd5 a5 37. Rb1 a4 38. Rb5 Rc2 39. Rb4 Ra2 40. h3 Kg6
41. Kh2 1-0

[Event "40th Olympiad Women"]
[Site "Istanbul TUR"]
[Date "2012.09.01"]
[Round "5.31"]
[Board "3"]
[White "Johannsdottir, Johanna Bjorg"]
[Black "Goossens, Hanne"]
[Result "0-1"]
[WhiteElo "1886"]
[BlackElo "1998"]
[WhiteTeam "Iceland"]
[BlackTeam "Belgium"]
[WhiteFideId "2303108"]
[BlackFideId "200468"]
[EventDate "2012.08.28"]

1. e4 c5 2. c3 g6 3. d4 cxd4 4. Qxd4 Nf6 5. e5 Nc6 6. Qf4 Nd5 7. Qe4 Nb6 8. Nf3
Bg7 9. Bf4 O-O 10. Be2 f6 11. O-O fxe5 12. Bxe5 d5 13. Qe3 Rxf3 14. Qxf3 Nxe5
15. Qg3 Nbc4 16. b3 Nd6 17. h4 Ne4 18. Qe3 Nf7 19. h5 Nxc3 20. Nxc3 d4 21. Qf3
dxc3 22. hxg6 hxg6 23. Bc4 e6 24. Rad1 Qe7 25. Qg3 Kh7 26. Bd3 Qf6 27. Rfe1 e5
28. Re4 Bf5 29. Rh4+ Nh6 30. Bxf5 gxf5 31. Rc4 Rd8 32. Rc1 e4 33. R4xc3 Qxc3 34.
Qxc3 Bxc3 35. Rxc3 Rd7 36. Kh2 Ng4+ 37. Kg3 Rd3+ 38. Rxd3 exd3 39. Kf3 f4 40. g3
Ne5+ 0-1

[Event "40th Olympiad Women"]
[Site "Istanbul TUR"]
[Date "2012.09.01"]
[Round "5.31"]
[Board "4"]
[White "Barbier, Wiebke"]
[Black "Kristinardottir, Elsa Maria"]
[Result "1-0"]
[WhiteElo "1952"]
[BlackElo "1737"]
[WhiteTeam "Belgium"]
[BlackTeam "Iceland"]
[WhiteFideId "207977"]
[BlackFideId "2300370"]
[EventDate "2012.08.28"]

1. e4 c6 2. d3 d5 3. Nd2 dxe4 4. dxe4 g6 5. Ngf3 Bg7 6. Bc4 Nf6 7. c3 O-O 8. O-O
Qc7 9. a4 b6 10. Re1 e6 11. Nf1 Ba6 12. Qe2 Bb7 13. Ng3 Nbd7 14. h3 Rad8 15. Nh2
Rfe8 16. Bg5 h6 17. Be3 c5 18. Qc2 Ne5 19. Be2 c4 20. Rad1 Rxd1 21. Rxd1 Rd8 22.
f4 Rxd1+ 23. Qxd1 Ned7 24. e5 Nd5 25. Ngf1 a6 26. Nf3 Bf8 27. Nd4 Be7 28. Qe1
Bf8 29. Qg3 Ne7 30. Nd2 Bd5 31. N2f3 Nc5 32. Nh4 Bg7 33. Bd1 Nd3 34. Bc2 Nxb2
35. Bc1 Nd3 36. Bxd3 cxd3 37. Qxd3 Qc4 38. Qc2 Nc6 39. Nhf3 Nxd4 40. Nxd4 Qa2
41. Be3 Bf8 42. Qxa2 Bxa2 43. Nc6 Bc5 44. Bxc5 bxc5 45. Nb8 a5 46. Nd7 c4 47.
Kf2 Bb3 48. Nb6 Kf8 49. Ke3 Ke7 50. Kd4 Kd8 51. Kc5 Kc7 52. Kb5 Bc2 53. Kxa5 Bd3
54. g3 g5 55. Kb5 gxf4 56. gxf4 h5 57. Nxc4 h4 58. Kc5 Bf1 59. Nd2 Bg2 60. a5
Kb7 61. Kd6 Ka6 62. Ke7 Kxa5 63. Kxf7 Kb6 64. Kxe6 Bxh3+ 65. f5 Bg2 66. f6 h3
67. f7 h2 68. f8=Q h1=Q 69. Nc4+ Ka7 70. Qc5+ Kb8 71. Qd6+ Kb7 72. Qb6+ Ka8 73.
Kd6 Qd1+ 74. Kc7 1-0

[Event "40th Olympiad Women"]
[Site "Istanbul TUR"]
[Date "2012.09.01"]
[Round "5.32"]
[Board "1"]
[White "Exler, Veronika"]
[Black "Dahdal, Lougain"]
[Result "1-0"]
[WhiteTitle "WFM"]
[BlackTitle "WIM"]
[WhiteElo "2103"]
[BlackElo "1923"]
[WhiteTeam "Austria"]
[BlackTeam "Jordan"]
[WhiteFideId "1620550"]
[BlackFideId "8102880"]
[EventDate "2012.08.28"]

1. d4 Nf6 2. Nf3 e6 3. c4 d5 4. g3 Nbd7 5. Bg2 Be7 6. O-O O-O 7. Qc2 c6 8. Rd1
b6 9. b3 Bb7 10. Nc3 Rc8 11. e4 c5 12. exd5 exd5 13. dxc5 dxc4 14. b4 bxc5 15.
b5 Qb6 16. a4 Bxf3 17. Bxf3 Ne5 18. Bg2 a5 19. Nd5 Nxd5 20. Rxd5 Nd3 21. Rd7 Bd8
22. Be3 Qe6 23. Rb7 Rc7 24. Rxc7 Bxc7 25. Rd1 Be5 26. Bf1 Nb2 27. Re1 c3 28. Bf4
f6 29. Bxe5 fxe5 30. Qxc3 Nxa4 31. Bc4 Nxc3 32. Bxe6+ Kh8 33. Rxe5 Nxb5 34. Rxc5
Nd4 35. Bd5 a4 36. Rc4 Nf5 37. Rf4 g5 38. Rxa4 h5 39. Be6 Ng7 40. Bd7 Rf7 41.
Bc6 Rf8 42. Be4 Ne8 43. Ra5 Nf6 44. Bg6 Kg7 45. Rxg5 Kh6 46. h4 Rg8 47. Bxh5
Rxg5 48. hxg5+ Kxg5 49. Be2 Nd5 50. Kg2 Nf6 51. f4+ Kf5 52. Kf3 Kg6 53. g4 Kg7
54. g5 Nh7 55. Bd3 Nf8 56. Bf5 Kf7 57. Kg4 Kg8 58. g6 Kh8 59. Kh5 Kg8 60. Kh6
Nxg6 61. Kxg6 Kh8 62. Bd3 Kg8 63. f5 Kf8 64. Bc4 Ke8 65. Kg7 1-0

[Event "40th Olympiad Women"]
[Site "Istanbul TUR"]
[Date "2012.09.01"]
[Round "5.32"]
[Board "2"]
[White "Fuad Kamel Jamaliah, Natalie"]
[Black "Kopinits, Anna-Christina"]
[Result "0-1"]
[WhiteTitle "WIM"]
[BlackTitle "WIM"]
[WhiteElo "1997"]
[BlackElo "2234"]
[WhiteTeam "Jordan"]
[BlackTeam "Austria"]
[WhiteFideId "724190"]
[BlackFideId "1614142"]
[EventDate "2012.08.28"]

1. e4 c5 2. Nf3 Nc6 3. d4 cxd4 4. Nxd4 e5 5. Nb3 Nf6 6. Bd3 d5 7. exd5 Nxd5 8.
O-O Be7 9. c3 O-O 10. Qe2 Be6 11. Rd1 Qc7 12. Be3 Nxe3 13. Qxe3 b6 14. N1d2 Rad8
15. Be4 f6 16. Nf1 Rxd1 17. Rxd1 Rd8 18. Qf3 Nb8 19. Ne3 Rxd1+ 20. Qxd1 Qd7 21.
Bd5 Bxd5 22. Qxd5+ Qxd5 23. Nxd5 Bd8 24. Kf1 Kf7 25. Ke2 Ke6 26. Ne3 h5 27. Nd2
f5 28. a4 Nc6 29. b4 g5 30. Nc2 Be7 31. Nc4 g4 32. f3 Bg5 33. b5 Nb8 34. a5 bxa5
35. Nxa5 Kd5 36. c4+ Kc5 37. Kd3 Nd7 38. Nb3+ Kb6 39. Nb4 Nf6 40. Nc2 Nd7 41.
Nb4 Nf6 42. Nc2 Bf4 43. h3 Bh6 44. hxg4 hxg4 45. Na3 Bf8 46. Nc2 g3 47. Ne3 f4
48. Nf1 Bc5 49. Nfd2 Nd7 50. Ke4 Be3 51. Kd5 Nf8 52. Ne4 Ng6 53. Nc3 Nh4 54. c5+
Kc7 55. Kxe5 Nxg2 56. c6 Bb6 57. Ne2 Ne1 58. Nxf4 Nd3+ 59. Nxd3 g2 60. Ndc5 Bxc5
61. Nxc5 g1=Q 62. Ne6+ Kc8 63. f4 Qe1+ 64. Kd6 Qb4+ 65. Kd5 Qxb5+ 66. Kd6 Qd3+
67. Kc5 Qc2+ 68. Kd6 a5 69. Nd4 Qd3 70. Kc5 a4 71. f5 a3 72. f6 Qf1 73. Nb5 Qxf6 0-1

[Event "40th Olympiad Women"]
[Site "Istanbul TUR"]
[Date "2012.09.01"]
[Round "5.32"]
[Board "3"]
[White "Schnegg, Anna-Lena"]
[Black "Boshra, Alshaeby"]
[Result "0-1"]
[BlackTitle "WFM"]
[WhiteElo "2088"]
[BlackElo "1927"]
[WhiteTeam "Austria"]
[BlackTeam "Jordan"]
[WhiteFideId "1625268"]
[BlackFideId "8102937"]
[EventDate "2012.08.28"]

1. e4 c5 2. Nf3 Nc6 3. d4 cxd4 4. Nxd4 e5 5. Nb5 d6 6. N1c3 a6 7. Na3 Be6 8. Nc4
Be7 9. a4 Rb8 10. Be2 Nf6 11. Bg5 Nd4 12. Bxf6 Bxf6 13. a5 O-O 14. Nd5 Bxd5 15.
exd5 Nxe2 16. Qxe2 Bg5 17. O-O f5 18. Ra3 Rf6 19. Nb6 Rh6 20. c4 Bf4 21. g3 Qg5
22. Kh1 Rg6 23. h4 Rh6 24. Qf3 Bd2 25. Rd1 e4 26. Qg2 e3 27. fxe3 Bxe3 28. Qf3
f4 29. Nd7 Rd8 30. Rf1 Qe7 31. Nb6 Bc5 32. Rd3 fxg3 33. Qxg3 Rxh4+ 34. Kg2 Qe2+ 0-1

[Event "40th Olympiad Women"]
[Site "Istanbul TUR"]
[Date "2012.09.01"]
[Round "5.32"]
[Board "4"]
[White "Alattar, Ghayda M."]
[Black "Newrkla, Katharina"]
[Result "1/2-1/2"]
[WhiteTitle "WFM"]
[BlackTitle "WFM"]
[WhiteElo "1921"]
[BlackElo "2165"]
[WhiteTeam "Jordan"]
[BlackTeam "Austria"]
[WhiteFideId "8101531"]
[BlackFideId "1621629"]
[EventDate "2012.08.28"]

1. d4 Nf6 2. Nc3 d5 3. Bg5 h6 4. Bxf6 exf6 5. e3 Bb4 6. Qd2 O-O 7. Nge2 Be6 8.
Nf4 c6 9. Bd3 Nd7 10. O-O f5 11. a3 Bd6 12. Nce2 Nf6 13. f3 Qd7 14. Ng3 b6 15.
c3 c5 16. Rad1 Rad8 17. Bb1 g6 18. Bc2 Qc7 19. Kf2 Bc8 20. Bb3 Bb7 21. h4 h5 22.
Rfe1 Kg7 23. Bc2 Rfe8 24. Nf1 Ba6 25. Bd3 Bxd3 26. Nxd3 Re4 27. g3 Rde8 28. Nf4
R4e7 29. Qd3 Rd7 30. Qd2 Rc8 31. Rc1 Qd8 32. Qd3 c4 33. Qc2 b5 34. Ra1 a5 35.
Qd2 Qb6 36. Reb1 Re7 37. Nh2 Rce8 38. Nf1 Qc6 39. Re1 Rb8 40. Reb1 Reb7 41. Kg2
b4 42. axb4 axb4 43. Qc2 Rb6 44. Nd2 b3 45. Qc1 Ra8 46. Rxa8 Qxa8 47. Ra1 Ra6
48. Rxa6 Qxa6 49. Kf2 Bxf4 50. exf4 Qa2 51. Nf1 Nd7 52. Ne3 Nb6 53. Nd1 Qa7 54.
Ne3 Qa2 55. Nd1 Na4 56. Ke3 Kf8 57. Ke2 Nb6 58. Ne3 Qa8 59. Kf2 Kg7 60. Qe1 Qc6
61. Qa1 Qa4 62. Qc1 Qa2 63. Ke1 Kf8 64. Kd2 Kg7 65. Nd1 Na4 66. Ke2 Kf8 67. Kf2
Kg7 68. Kg2 Kf8 69. Kh3 Kg7 1/2-1/2

[Event "40th Olympiad Women"]
[Site "Istanbul TUR"]
[Date "2012.09.01"]
[Round "5.33"]
[Board "1"]
[White "Pourkashiyan, Atousa"]
[Black "Mona, Khaled"]
[Result "1-0"]
[WhiteTitle "WGM"]
[BlackTitle "WGM"]
[WhiteElo "2313"]
[BlackElo "2121"]
[WhiteTeam "Iran"]
[BlackTeam "Egypt"]
[WhiteFideId "12502014"]
[BlackFideId "10605908"]
[EventDate "2012.08.28"]

1. e4 c5 2. Nf3 Nc6 3. d4 cxd4 4. Nxd4 g6 5. c4 Bg7 6. Be3 d6 7. Nc3 Nh6 8. Be2
O-O 9. O-O f5 10. Qd2 Nxd4 11. Bxh6 Bxh6 12. Qxh6 f4 13. Rfd1 e5 14. Bf1 Bg4 15.
Rd2 Rf5 16. Rxd4 Rh5 17. Qxh5 gxh5 18. Rd3 Qb6 19. b3 a6 20. Nd5 Qc5 21. h3 Kf7
22. b4 Qa7 23. hxg4 hxg4 24. Rc1 Rc8 25. g3 fxg3 26. Rxg3 h5 27. Rd1 a5 28. b5
Qc5 29. Ne3 Rg8 30. Nf5 Rg6 31. a3 b6 32. Rd5 Qc7 33. Rgd3 h4 34. Nxh4 Rh6 35.
Nf5 Rh5 36. Rxd6 Qc5 37. Ng3 Rh8 38. Rd7+ Ke6 39. Nf5 Kf6 40. Rg7 Re8 41. Rd6+
Re6 42. Rdd7 Re8 43. Rdf7+ Ke6 44. Rc7 1-0

[Event "40th Olympiad Women"]
[Site "Istanbul TUR"]
[Date "2012.09.01"]
[Round "5.33"]
[Board "2"]
[White "Wafa, Shrook"]
[Black "Hejazipour, Mitra"]
[Result "0-1"]
[WhiteTitle "WFM"]
[BlackTitle "WIM"]
[WhiteElo "1911"]
[BlackElo "2237"]
[WhiteTeam "Egypt"]
[BlackTeam "Iran"]
[WhiteFideId "10609970"]
[BlackFideId "12505951"]
[EventDate "2012.08.28"]

1. e4 c5 2. Nf3 e6 3. d4 cxd4 4. Nxd4 a6 5. Nc3 Qc7 6. Bd3 Nf6 7. O-O d6 8. Kh1
Nbd7 9. f4 b5 10. a3 Be7 11. Qe2 Bb7 12. Nf3 O-O 13. Bd2 Nc5 14. Rac1 Rac8 15.
b4 Nxd3 16. cxd3 Qb8 17. Nd4 Nd7 18. f5 e5 19. Nc2 Nf6 20. g4 d5 21. g5 dxe4 22.
Kg1 exd3 23. Qxd3 Rfd8 24. Qe2 Ng4 25. f6 Bf8 26. Ne3 Nxe3 27. Bxe3 Ba8 28. h3
g6 29. Kh2 Qb7 30. Rf2 Rc4 31. Qf1 Rdc8 32. Ne2 Qe4 33. Bd2 Qd3 34. Ng3 Qd4 35.
Rxc4 Rxc4 0-1

[Event "40th Olympiad Women"]
[Site "Istanbul TUR"]
[Date "2012.09.01"]
[Round "5.33"]
[Board "3"]
[White "Hakimifard, Ghazal"]
[Black "Alaa El Din, Yosra"]
[Result "1-0"]
[WhiteTitle "WIM"]
[BlackTitle "WIM"]
[WhiteElo "2249"]
[BlackElo "1819"]
[WhiteTeam "Iran"]
[BlackTeam "Egypt"]
[WhiteFideId "12506540"]
[BlackFideId "10606610"]
[EventDate "2012.08.28"]

1. e4 c6 2. d4 d5 3. Nd2 dxe4 4. Nxe4 Bf5 5. Ng3 Bg6 6. h4 h6 7. Nf3 Nd7 8. h5
Bh7 9. Bd3 Bxd3 10. Qxd3 Qc7 11. Bd2 Ngf6 12. O-O-O e6 13. Ne4 O-O-O 14. g3 Nxe4
15. Qxe4 Nf6 16. Qe2 Bd6 17. c4 c5 18. Bc3 Kb8 19. Kb1 Ka8 20. Ne5 Rc8 21. f4
Rhe8 22. Rhe1 Re7 23. Qf3 cxd4 24. Rxd4 Nd7 25. Nxd7 Rxd7 26. Red1 Rcd8 27. Qd3
a5 28. f5 Kb8 29. fxe6 fxe6 30. g4 Kc8 31. Qg6 Re7 32. Be1 Qc6 33. Bh4 a4 34. c5
Qxc5 35. Bxe7 1-0

[Event "40th Olympiad Women"]
[Site "Istanbul TUR"]
[Date "2012.09.01"]
[Round "5.33"]
[Board "4"]
[White "Wafa, Shahenda"]
[Black "Ghader Pour, Shayesteh"]
[Result "0-1"]
[WhiteTitle "WFM"]
[BlackTitle "WIM"]
[WhiteElo "1830"]
[BlackElo "2218"]
[WhiteTeam "Egypt"]
[BlackTeam "Iran"]
[WhiteFideId "10609962"]
[BlackFideId "12500747"]
[EventDate "2012.08.28"]

1. e4 c5 2. Nf3 e6 3. d4 cxd4 4. Nxd4 a6 5. Nc3 Qc7 6. Bg5 d6 7. f4 b5 8. a3 Nd7
9. Qf3 Bb7 10. O-O-O Ngf6 11. Qh3 Be7 12. Bd3 h6 13. Bxf6 Bxf6 14. Nxe6 fxe6 15.
Qxe6+ Kf8 16. Bxb5 axb5 17. Nxb5 Nc5 18. Nxc7 Nxe6 19. Nxe6+ Ke7 20. Nc7 Ra5 21.
Nd5+ Bxd5 22. exd5 Rb8 23. c3 Rbb5 24. Kc2 Rxd5 25. Rxd5 Rxd5 26. b4 Rf5 27. g3
g5 28. Re1+ Kd7 29. Re4 d5 30. Re3 gxf4 31. Rf3 Rh5 32. Rxf4 Rxh2+ 33. Kb3 Be5
34. Rf3 Rh3 35. Re3 Kd6 36. c4 Rxg3 37. Rxg3 Bxg3 38. cxd5 h5 39. Kc4 h4 40. b5
Bf2 0-1

[Event "40th Olympiad Women"]
[Site "Istanbul TUR"]
[Date "2012.09.01"]
[Round "5.34"]
[Board "1"]
[White "Leite, Catarina"]
[Black "Abarca Gonzalez, Damaris"]
[Result "0-1"]
[WhiteTitle "WIM"]
[WhiteElo "2178"]
[BlackElo "2024"]
[WhiteTeam "Portugal"]
[BlackTeam "Chile"]
[WhiteFideId "1901222"]
[BlackFideId "3409414"]
[EventDate "2012.08.28"]

1. e4 c5 2. Nc3 Nc6 3. g3 g6 4. Bg2 Bg7 5. d3 d6 6. Be3 Rb8 7. Qd2 b5 8. Nd1 b4
9. f4 e6 10. Nf3 Nd4 11. O-O Ne7 12. Ne1 Qa5 13. g4 f5 14. h3 O-O 15. Kh2 Ba6
16. Rg1 fxe4 17. dxe4 Ne2 18. Rf1 g5 19. Qxd6 Ng6 20. Qxc5 Qxc5 21. Bxc5 Rfc8
22. Bxa7 Rb7 23. Bf2 Ngxf4 24. a3 Nxg2 25. Nxg2 Be5+ 26. Kh1 Rf7 27. Nge3 Bb7 0-1

[Event "40th Olympiad Women"]
[Site "Istanbul TUR"]
[Date "2012.09.01"]
[Round "5.34"]
[Board "2"]
[White "Toro Pradenas, Maria Jose"]
[Black "Coimbra, Margarida"]
[Result "0-1"]
[WhiteTitle "WFM"]
[BlackTitle "WFM"]
[WhiteElo "2040"]
[BlackElo "2116"]
[WhiteTeam "Chile"]
[BlackTeam "Portugal"]
[WhiteFideId "3412610"]
[BlackFideId "1901192"]
[EventDate "2012.08.28"]

1. e4 e5 2. Nf3 Nc6 3. Bb5 a6 4. Bxc6 dxc6 5. O-O Bd6 6. d4 exd4 7. Qxd4 f6 8.
Be3 Ne7 9. Nbd2 Be6 10. Rfd1 Ng6 11. Nc4 Bxc4 12. Qxc4 Qe7 13. Re1 O-O-O 14.
Rad1 Rhe8 15. Bc1 c5 16. g3 h5 17. b3 h4 18. Kg2 Rh8 19. Bb2 hxg3 20. fxg3 Qd7
21. Kf2 Qg4 22. Rh1 Rxh2+ 23. Nxh2 Bxg3+ 24. Kg1 Bxh2+ 25. Kf2 Qg3+ 0-1

[Event "40th Olympiad Women"]
[Site "Istanbul TUR"]
[Date "2012.09.01"]
[Round "5.34"]
[Board "3"]
[White "Oliveira, Maria Ines"]
[Black "Larrachea Formas, Emilia"]
[Result "1-0"]
[WhiteElo "1927"]
[BlackElo "2061"]
[WhiteTeam "Portugal"]
[BlackTeam "Chile"]
[WhiteFideId "1909436"]
[BlackFideId "3400727"]
[EventDate "2012.08.28"]

1. e4 d6 2. d4 g6 3. Nc3 Bg7 4. f4 Nf6 5. Nf3 c6 6. Bd3 Qc7 7. O-O O-O 8. Qe1
Bg4 9. Qh4 Bxf3 10. Rxf3 b5 11. e5 Nd5 12. Rh3 h5 13. Nxd5 cxd5 14. g4 dxe5 15.
dxe5 Rd8 16. gxh5 Qb6+ 17. Be3 d4 18. Bd2 Nd7 19. hxg6 fxg6 20. Qh7+ Kf7 21. f5
Nxe5 22. fxg6+ Nxg6 23. Rf1+ 1-0

[Event "40th Olympiad Women"]
[Site "Istanbul TUR"]
[Date "2012.09.01"]
[Round "5.34"]
[Board "4"]
[White "Reyes Jara, Paula"]
[Black "Monteiro, Sara Cristina da Silva"]
[Result "0-1"]
[BlackTitle "WCM"]
[WhiteElo "2115"]
[BlackElo "1841"]
[WhiteTeam "Chile"]
[BlackTeam "Portugal"]
[WhiteFideId "3403920"]
[BlackFideId "1909860"]
[EventDate "2012.08.28"]

1. e4 d5 2. exd5 Qxd5 3. Nc3 Qa5 4. d4 e5 5. Nf3 Bb4 6. Bd2 Bg4 7. Be2 Nc6 8.
Nxe5 Bxe2 9. Qxe2 Nxd4 10. Qe4 O-O-O 11. Nxf7 Nf6 12. Qd3 Rhe8+ 13. Kf1 Rd7 14.
Rd1 Nf5 15. Qc4 Bxc3 16. bxc3 Re4 17. Qb3 Qa6+ 18. c4 Rxc4 19. Kg1 Rxf7 20. Bg5
Rd7 21. Re1 Re4 22. Rb1 Nd4 0-1

[Event "40th Olympiad Women"]
[Site "Istanbul TUR"]
[Date "2012.09.01"]
[Round "5.35"]
[Board "1"]
[White "Gutierrez, Leonela"]
[Black "Khoudgarian, Natalia"]
[Result "0-1"]
[BlackTitle "WIM"]
[WhiteElo "2067"]
[BlackElo "2158"]
[WhiteTeam "Venezuela"]
[BlackTeam "Canada"]
[WhiteFideId "3900401"]
[BlackFideId "2602121"]
[EventDate "2012.08.28"]

1. e4 e6 2. d4 d5 3. Nc3 Bb4 4. e5 Bf8 5. Be3 b6 6. f4 Nh6 7. Nf3 Nf5 8. Bf2 h5
9. g3 Ba6 10. Bxa6 Nxa6 11. Qe2 Nb8 12. O-O-O Qd7 13. h3 c5 14. g4 hxg4 15. hxg4
Rxh1 16. Rxh1 Nxd4 17. Bxd4 cxd4 18. Nxd4 Nc6 19. Nxc6 Qxc6 20. Rh3 a6 21. f5
Qc4 22. fxe6 fxe6 23. Qf3 Ra7 24. b3 Qd4 25. Qe2 Ba3+ 26. Kb1 Rf7 27. Rd3 Qf4
28. Rd1 b5 29. Nxb5 axb5 30. Qxb5+ Rd7 31. Qa6 Qxg4 32. Qa8+ Rd8 33. Qc6+ Ke7
34. Rf1 Qd4 35. Qc7+ Rd7 36. Rf7+ Kxf7 37. Qxd7+ Kg6 38. Qxe6+ Kg5 39. Qe7+ Bxe7 0-1

[Event "40th Olympiad Women"]
[Site "Istanbul TUR"]
[Date "2012.09.01"]
[Round "5.35"]
[Board "2"]
[White "Peng, Jackie"]
[Black "Montilla, Jorcerys"]
[Result "0-1"]
[WhiteTitle "WCM"]
[WhiteElo "2009"]
[BlackElo "2050"]
[WhiteTeam "Canada"]
[BlackTeam "Venezuela"]
[WhiteFideId "2609819"]
[BlackFideId "3900517"]
[EventDate "2012.08.28"]

1. e4 c5 2. Nf3 Nc6 3. d4 cxd4 4. Nxd4 Qb6 5. Nb3 Nf6 6. Nc3 e6 7. Qe2 Bb4 8.
Bd2 a6 9. a3 Be7 10. O-O-O Qc7 11. g4 d6 12. Bg2 b5 13. f4 Nd7 14. g5 Nc5 15.
Nxc5 dxc5 16. Be3 Rb8 17. f5 b4 18. axb4 cxb4 19. Nd5 exd5 20. exd5 Ne5 21. Ba7
Bxg5+ 22. Kb1 Rb5 23. d6 Qd7 24. Bd5 Bf6 25. Bc4 Qxa7 26. Bxb5+ axb5 27. Qxb5+
Bd7 28. Qxb4 O-O 29. Qd4 Qa6 30. Rhg1 Ra8 31. c3 Bxf5+ 0-1

[Event "40th Olympiad Women"]
[Site "Istanbul TUR"]
[Date "2012.09.01"]
[Round "5.35"]
[Board "3"]
[White "Varela La Madrid, Tilsia Carolin"]
[Black "Orlova, Yelizaveta"]
[Result "0-1"]
[BlackTitle "WCM"]
[WhiteElo "2036"]
[BlackElo "1947"]
[WhiteTeam "Venezuela"]
[BlackTeam "Canada"]
[WhiteFideId "3903001"]
[BlackFideId "2601826"]
[EventDate "2012.08.28"]

1. e4 c5 2. Nf3 Nc6 3. c3 g6 4. d4 cxd4 5. cxd4 Bg7 6. Nc3 d6 7. Be2 Bd7 8. O-O
a6 9. Be3 b5 10. Qd2 Nf6 11. d5 Na5 12. b4 Nc4 13. Bxc4 bxc4 14. Nd4 Ng4 15. a4
Nxe3 16. fxe3 Qb6 17. b5 axb5 18. axb5 O-O 19. Rab1 Ra3 20. Rfc1 Rfa8 21. Kh1 f5
22. Nc6 f4 23. exf4 Bxc3 24. Rxc3 Ra1 25. Rcc1 R8a2 26. Qd4 Qxd4 27. Nxd4 Rxb1
28. Rxb1 c3 29. b6 Rb2 30. Rc1 Rxb6 31. h3 Rb4 32. Ne2 Rxe4 33. Nxc3 Rxf4 34.
Ra1 Rc4 35. Ra3 Kf7 36. Kg1 Kf6 37. Kf2 Ke5 38. Ke3 e6 39. dxe6 Bxe6 40. Kd3 d5
41. g4 h5 42. gxh5 gxh5 43. Kd2 Rh4 44. Ra1 Rxh3 45. Re1+ Kd6 46. Nb5+ Kc5 47.
Rxe6 Kxb5 48. Re8 Kc4 49. Rc8+ Kd4 50. Ra8 Rh2+ 51. Kd1 Ke4 52. Ra4+ d4 53. Ra8
Kd3 54. Ra3+ Ke4 55. Ra8 h4 56. Ra3 h3 57. Rg3 Rh1+ 58. Ke2 h2 59. Rg4+ Ke5 60.
Rh4 Ra1 61. Rh5+ Kf4 62. Rh4+ Kg3 63. Rh8 h1=Q 64. Rg8+ Kf4 65. Rf8+ Ke5 0-1